|
|
|
|
| LEADER |
00000nas a2200000 i 4500 |
| 001 |
in00000011098 |
| 005 |
20251126081454.6 |
| 002 |
АВ3Р/1998/1 |
| 008 |
081006u19?? rur l000 0yrus d |
| 035 |
|
|
|a ( UA-KiNSAL)АВ3Р/1998/1
|
| 040 |
|
|
|a UA-KiNSAL
|b ukr
|c UA-KiNSAL
|
| 090 |
|
|
|
| 245 |
0 |
0 |
|a NJ
|
| 260 |
|
|
|a Б.м.
|
| 530 |
|
|
|a Original record
|u https://kubg.libs.net.ua/kubg_recs/0000031623.txt
|
| 942 |
|
|
|2 UDC
|c JOURNAL
|
| 952 |
|
|
|a XP
|b книга
|d ХР
|z 20150217
|i 1
|p Jv0034527
|j АВ3Р/1998/1
|o
|h 1998, № 1
|c 1
|
| 920 |
|
|
|a NJ
|
| 961 |
|
|
|a 691
|
| 991 |
0 |
0 |
|a АВ3Р/1998/1
|
| 997 |
|
|
|a 0000031623
|
| 998 |
|
|
|a 31623
|
| 999 |
f |
f |
|i 80fc001a-888c-4eac-8e66-e0e4ad8262ea
|s 00de07ae-64fd-48cd-a906-9a5432ae55bb
|t 0
|
| 952 |
f |
f |
|p Може видаватися
|a Національна наукова сільськогосподарська бібліотека
|b Центральна будівля
|c ННСБ всі підрозділи
|d Відділ зберігання
|t 0
|e АВ3Р/1998/1
|i книга
|m Jv0034527
|n 1
|